| 000 | 00590nam a22002057a 4500 | ||
|---|---|---|---|
| 003 | OSt | ||
| 005 | 20140310181751.0 | ||
| 008 | 121206t xxu||||| |||| 00| 0 eng d | ||
| 020 | _a9718280383 | ||
| 050 |
_aFIL _bF663 2005 |
||
| 082 | _a PE1241 . | ||
| 245 |
_aBe your own English teacher! _bmodifiers : adjectives, adverbs and articles _cFrank G. Flores, Magelende Magallona-Flores |
||
| 260 |
_aManila : _bMilfores Publishing, _cc2005. |
||
| 300 |
_a87 p. ; _c18 cm. |
||
| 521 | _aGrade 7 | ||
| 526 | _c880L-960L | ||
| 541 | _j1 | ||
| 562 | _e1 | ||
| 942 |
_2lcc _cBK-FIL _kFIL |
||
| 999 |
_c3199 _d3199 |
||